Statistiques concernant Football: Joueurs ayant mis plus de 100 buts en championnat de France

Cliquez ici pour prendre le quiz!

Statistiques générales

  • Ce quiz a été pris 129 fois
  • Le résultat moyen est 15 sur 91

Statistiques - réponses

Réponse% Correct
Kylian Mbappé
97%
Edinson Cavani
92%
Zlatan Ibrahimovic
85%
Alexandre Lacazette
83%
Pedro Miguel Pauleta
74%
Claude Papi
70%
Wissam Ben Yedder
70%
André-Pierre Gignac
66%
Dimitri Payet
64%
Michel Platini
64%
Bafétimbi Gomis
62%
Just Fontaine
56%
Mamadou Niang
54%
Jean-Pierre Papin
52%
Jimmy Briand
48%
Sonny Anderson
41%
Alain Giresse
38%
Dominique Rocheteau
32%
Delio Onnis
29%
Bernard Lacombe
28%
Josip Skoblar
21%
Lilian Laslandes
21%
Hervé Revelli
19%
Patrick Revelli
19%
Fleury Di Nallo
17%
Salif Keita
14%
Carlos Bianchi
13%
Roger Piantoni
13%
Mustapha Dahleb
10%
Gunnar Andersson
8%
Jean Baratte
8%
Vahid Halilhodzic
7%
Serge Chiesa
6%
Yannick Stopyra
6%
Alain Cavéglia
5%
Jean Vincent
5%
André Guy
4%
Bernard Genghini
4%
Bernard Rahis
4%
Hassan Akesbi
4%
Philippe Vercruysse
4%
Rachid Mekhloufi
4%
Roger Courtois
4%
Bernard Zénier
3%
Daniel Xuereb
3%
François Félix
3%
Joseph Ujlaki
3%
Oskar Rohr
3%
Thadée Cisowski
3%
André Strappe
2%
Charly Loubet
2%
Désiré Koranyi
2%
Edouard Kargu
2%
Eric Pécout
2%
François Brisson
2%
François M'Pelé
2%
Jacky Vergnes
2%
Jean Grumellon
2%
Lucien Cossou
2%
Marc Berdoll
2%
Philippe Gondet
2%
Philippe Piat
2%
Pierre Sinibaldi
2%
Robert Pintenat
2%
Yvon Douis
2%
Abdelkrim Merry
1%
Albert Emon
1%
Albert Gemmrich
1%
Alberto Muro
1%
Bernard Blanchet
1%
Didier Couécou
1%
Ernest Schultz
1%
Gérard Soler
1%
Hector De Bourgoing
1%
Henri Baillot
1%
Henri Hiltl
1%
Jacques Foix
1%
Joseph Yegba Maya
1%
Maryan Wisniewski
1%
Michel Stievenard
1%
Nestor Combin
1%
Pierre Flamion
1%
René Gardien
1%
Stéphane Bruey
1%
Victor Nurenberg
1%
André Simonyi
0%
Dominique Rustichelli
0%
Georges Lech
0%
Ginès Liron
0%
Henri Skiba
0%
Léon Deladerrière
0%

Distribution des résultats

Percentile par nombre de réponses

% des personnes avec chaque résultat

Votre développement - résultats

Vous n’avez pas pris ce quiz